00533nam a22001697a 450000500170000001000150001702000260003203500140005803700130007208200110008510000240009624500960012026000450021627000610026130000210032270000200034320180807113802.0 aENG-123687 a9788124119792c695.00 aEN-107219 bDBAD/PUB a327.54 aSondhi, Manohar Lal aIndia's foreign policy : cby Manohar Lal Sondhi; ed. by Harsh V. Pantbselected writings / aNew Delhi bHar-Anand Publicationsc2017 aE-49/3,Okhla Industrial Area,Phase-IIbNew Delhie110020 a224p.c22cm (Hb) aPant, Harsh V.